<?xml version="1.0" encoding="UTF-8"?>
<record
    xmlns:xsi="http://www.w3.org/2001/XMLSchema-instance"
    xsi:schemaLocation="http://www.loc.gov/MARC21/slim http://www.loc.gov/standards/marcxml/schema/MARC21slim.xsd"
    xmlns="http://www.loc.gov/MARC21/slim">

  <leader>01988nam a2200325 i 4500</leader>
  <controlfield tag="003">DO-SdBNP</controlfield>
  <controlfield tag="005">20240704114906.0</controlfield>
  <controlfield tag="007">ta</controlfield>
  <controlfield tag="008">210702e2010    dr ac||ery||| 001 u spa d</controlfield>
  <datafield tag="020" ind1=" " ind2=" ">
    <subfield code="a">9789945470000</subfield>
  </datafield>
  <datafield tag="040" ind1=" " ind2=" ">
    <subfield code="a">DO-SdBNP</subfield>
    <subfield code="b">spa</subfield>
    <subfield code="c">BNPHU</subfield>
    <subfield code="e">rda</subfield>
  </datafield>
  <datafield tag="041" ind1=" " ind2=" ">
    <subfield code="h">spa</subfield>
  </datafield>
  <datafield tag="082" ind1=" " ind2="4">
    <subfield code="a">324.6097293 </subfield>
    <subfield code="b">R426m, 2009-2010</subfield>
    <subfield code="2">22</subfield>
  </datafield>
  <datafield tag="110" ind1="1" ind2=" ">
    <subfield code="a">Rep&#xFA;blica Dominicana.</subfield>
    <subfield code="b"> Junta Central Electoral</subfield>
    <subfield code="e"> Escuela Nacional de Formaci&#xF3;n Electroral y del Estado Civil.</subfield>
    <subfield code="9">64605</subfield>
  </datafield>
  <datafield tag="245" ind1="1" ind2="2">
    <subfield code="a">Memorias  de la Escuela Nacional de Formaci&#xF3;n Electoral y del Estado Civil (EFEC)  2009-2010 /</subfield>
    <subfield code="c">compilado por Lissette Pamela Santana ; pr&#xF3;logo, Aura Celeste Fern&#xE1;ndez Rodr&#xED;guez </subfield>
  </datafield>
  <datafield tag="264" ind1=" " ind2=" ">
    <subfield code="a">Santo Domingo : </subfield>
    <subfield code="b">Junta Central Electoral, </subfield>
    <subfield code="b">Escuela Nacional de Formaci&#xF3;n Electroral y del Estado Civil,</subfield>
    <subfield code="c">2010.</subfield>
  </datafield>
  <datafield tag="300" ind1=" " ind2=" ">
    <subfield code="a">448 p&#xE1;ginas :</subfield>
    <subfield code="b"> ilustraciones, fotos y retratos.</subfield>
    <subfield code="c">25 cm</subfield>
  </datafield>
  <datafield tag="336" ind1=" " ind2=" ">
    <subfield code="2">rdacontent </subfield>
    <subfield code="a">texto</subfield>
    <subfield code="b">txt</subfield>
  </datafield>
  <datafield tag="337" ind1=" " ind2=" ">
    <subfield code="2">rdamedia</subfield>
    <subfield code="a">sin mediaci&#xF3;n</subfield>
    <subfield code="b">n</subfield>
  </datafield>
  <datafield tag="338" ind1=" " ind2=" ">
    <subfield code="2">rdacarrier</subfield>
    <subfield code="a">volumen </subfield>
    <subfield code="b">nc</subfield>
  </datafield>
  <datafield tag="505" ind1="0" ind2="0">
    <subfield code="a">Pr&#xF3;logo.</subfield>
    <subfield code="g">Cap&#xED;tulo I:</subfield>
    <subfield code="t">La EFEC : instituci&#xF3;n, estrategias y pol&#xED;ticas de formaci&#xF3;n.--</subfield>
    <subfield code="g">Cap&#xED;tulo II:</subfield>
    <subfield code="t">Programas implementados.--</subfield>
    <subfield code="g">Cap&#xED;tulo III:</subfield>
    <subfield code="t">Convenios.--</subfield>
    <subfield code="g">Cap&#xED;tulo IV:</subfield>
    <subfield code="t">Biblioteca.--</subfield>
    <subfield code="g">Cap&#xED;tulo V:</subfield>
    <subfield code="t">Actividades acad&#xE9;micas de extensi&#xF3;n.--</subfield>
    <subfield code="g">Cap&#xED;tulo VI:</subfield>
    <subfield code="t">Publicaciones.--</subfield>
    <subfield code="g">Cap&#xED;tulo VII:</subfield>
    <subfield code="t">Reporte financiero.--</subfield>
    <subfield code="g">Cap&#xED;tulo VIII:</subfield>
    <subfield code="t">Logros, planes futuros y proyecciones.--</subfield>
    <subfield code="g">Cap&#xED;tulo IX:</subfield>
    <subfield code="t">Discursos.--</subfield>
    <subfield code="g">Cap&#xED;tulo X:</subfield>
    <subfield code="t">Normativa.--</subfield>
    <subfield code="g">Cap&#xED;tulo XI:</subfield>
    <subfield code="t">Agenda institucional.</subfield>
  </datafield>
  <datafield tag="590" ind1=" " ind2=" ">
    <subfield code="a">Inventariado 2021 / MF</subfield>
  </datafield>
  <datafield tag="610" ind1="1" ind2="4">
    <subfield code="a">Rep&#xFA;blica Dominicana.</subfield>
    <subfield code="b">Junta Central Electoral </subfield>
    <subfield code="b">Escuela Nacional de Formaci&#xF3;n Electoral y del Estado Civil</subfield>
    <subfield code="v">2009-2010</subfield>
    <subfield code="9">79271</subfield>
  </datafield>
  <datafield tag="651" ind1=" " ind2="4">
    <subfield code="a">Rep&#xFA;blica Dominicana</subfield>
    <subfield code="x">Pol&#xED;tica y gobierno</subfield>
    <subfield code="y">2009-2010</subfield>
    <subfield code="9">79270</subfield>
  </datafield>
  <datafield tag="700" ind1="1" ind2="2">
    <subfield code="a">Santana , Lissette Pamela,</subfield>
    <subfield code="e">compiladora</subfield>
    <subfield code="9">79075</subfield>
  </datafield>
  <datafield tag="700" ind1="1" ind2="2">
    <subfield code="a">Fern&#xE1;ndez Rodr&#xED;guez, Aura Celeste,</subfield>
    <subfield code="d">1959-</subfield>
    <subfield code="e">pr&#xF3;l.</subfield>
    <subfield code="9">76547</subfield>
  </datafield>
  <datafield tag="700" ind1=" " ind2="2">
    <subfield code="9">22136</subfield>
    <subfield code="a">Paulino, Nurys</subfield>
    <subfield code="e">ed.</subfield>
  </datafield>
  <datafield tag="910" ind1=" " ind2=" ">
    <subfield code="a">Validado. Control de calidad MFF</subfield>
  </datafield>
  <datafield tag="942" ind1=" " ind2=" ">
    <subfield code="2">ddc</subfield>
    <subfield code="c">LBS1</subfield>
  </datafield>
  <datafield tag="952" ind1=" " ind2=" ">
    <subfield code="0">0</subfield>
    <subfield code="1">0</subfield>
    <subfield code="2">ddc</subfield>
    <subfield code="5">1</subfield>
    <subfield code="7">0</subfield>
    <subfield code="8">PD</subfield>
    <subfield code="a">BNPHU</subfield>
    <subfield code="b">BNPHU</subfield>
    <subfield code="c">HD</subfield>
    <subfield code="d">2018-09-10</subfield>
    <subfield code="e">Dep&#xF3;sito legal</subfield>
    <subfield code="l">0</subfield>
    <subfield code="o">BNPHU PD 324.6097293 R426m 2009-2010</subfield>
    <subfield code="p">2021-2348</subfield>
    <subfield code="r">2021-07-02</subfield>
    <subfield code="w">2021-07-02</subfield>
    <subfield code="y">LBS1</subfield>
  </datafield>
  <datafield tag="952" ind1=" " ind2=" ">
    <subfield code="0">0</subfield>
    <subfield code="1">0</subfield>
    <subfield code="2">ddc</subfield>
    <subfield code="5">1</subfield>
    <subfield code="7">0</subfield>
    <subfield code="8">PD</subfield>
    <subfield code="a">BNPHU</subfield>
    <subfield code="b">BNPHU</subfield>
    <subfield code="c">HD</subfield>
    <subfield code="d">2018-09-10</subfield>
    <subfield code="e">Dep&#xF3;sito legal</subfield>
    <subfield code="l">0</subfield>
    <subfield code="o">BNPHU PD 324.6097293 R426m 2009-2010</subfield>
    <subfield code="p">2021-2349</subfield>
    <subfield code="r">2021-07-02</subfield>
    <subfield code="t">e.2</subfield>
    <subfield code="w">2021-07-02</subfield>
    <subfield code="y">LBS1</subfield>
  </datafield>
  <datafield tag="952" ind1=" " ind2=" ">
    <subfield code="0">0</subfield>
    <subfield code="1">0</subfield>
    <subfield code="2">ddc</subfield>
    <subfield code="5">6</subfield>
    <subfield code="7">0</subfield>
    <subfield code="8">DS</subfield>
    <subfield code="a">BNPHU</subfield>
    <subfield code="b">BNPHU</subfield>
    <subfield code="c">HD</subfield>
    <subfield code="d">2018-09-10</subfield>
    <subfield code="e">Dep&#xF3;sito legal</subfield>
    <subfield code="l">0</subfield>
    <subfield code="o">BNPHU DS 324.6097293 R426m 2009-2010</subfield>
    <subfield code="p">2021-2350</subfield>
    <subfield code="r">2021-07-02</subfield>
    <subfield code="t">e.3</subfield>
    <subfield code="w">2021-07-02</subfield>
    <subfield code="y">LBS1</subfield>
  </datafield>
  <datafield tag="999" ind1=" " ind2=" ">
    <subfield code="c">50036</subfield>
    <subfield code="d">50036</subfield>
  </datafield>
</record>
